LEADER 00898nam a2200241 i 4500 001 991000640159707536 008 041119s2002 it 001 0 ita 020 $a8814093563 035 $ab13250863-39ule_inst 040 $aDip.to Studi Giuridici$bita 082 0 $a345.45075 100 1 $aCurtotti Nappi, Donatella $0268147 245 13$aIl problema delle lingue nel processo penale /$cDonatella Curtotti Nappi 260 $aMilano :$bGiuffrè,$c2002 300 $a421 p. ;$c24 cm 440 0$aStudi di diritto processuale penale ;$v92 650 4$aLinguaggio e diritto 907 $a.b13250863$b02-04-14$c19-11-04 912 $a991000640159707536 945 $aLE027 345.45 CUR01.01$g1$lle027$o-$pE28.00$q-$rl$sm $t0$u0$v0$w0$x0$y.i13943674$z19-11-04 996 $aProblema delle lingue nel processo penale$9677465 997 $aUNISALENTO 998 $ale027$b19-11-04$cm$da $e-$fita$git $h3$i0 LEADER 04304nam 2200721 a 450 001 9910964188003321 005 20251116215735.0 010 $a9786611731274 010 $a9781281731272 010 $a1281731277 010 $a9780300133073 010 $a0300133073 024 7 $a10.12987/9780300133073 035 $a(CKB)1000000000472045 035 $a(EBL)3419832 035 $a(OCoLC)923587102 035 $a(SSID)ssj0000147431 035 $a(PQKBManifestationID)11147991 035 $a(PQKBTitleCode)TC0000147431 035 $a(PQKBWorkID)10006122 035 $a(PQKB)11309174 035 $a(StDuBDS)EDZ0000167125 035 $a(MiAaPQ)EBC3419832 035 $a(DE-B1597)485234 035 $a(OCoLC)1024039717 035 $a(DE-B1597)9780300133073 035 $a(Au-PeEL)EBL3419832 035 $a(CaPaEBR)ebr10167880 035 $a(CaONFJC)MIL173127 035 $a(Perlego)1089500 035 $z(OCoLC)1024039717 035 $a(EXLCZ)991000000000472045 100 $a20030411d2003 uy 0 101 0 $aeng 135 $aur||#|||||||| 181 $ctxt 182 $cc 183 $acr 200 10$aEngaging the moving image /$fNo?el Carroll 205 $a1st ed. 210 $aNew Haven $cYale University Press$dc2003 215 $a1 online resource (449 p.) 225 1 $aYale series in the philosophy and theory of art 300 $aDescription based upon print version of record. 311 0 $a9780300091953 311 0 $a0300091958 320 $aIncludes bibliographical references and index. 327 $tFront matter --$tContents --$tForeword --$tIntroduction --$tChapter 1. Forget the Medium! --$tChapter 2. Film, Attention, and Communication: A Naturalistic Account --$tChapter 3. Film, Emotion, and Genre --$tChapter 4. Ethnicity, Race, and Monstrosity: The Rhetorics of Horror and Humor --$tChapter 5. Is the Medium a (Moral) Message? --$tChapter 6. Film Form: An Argument for a Functional Theory of Style in the Individual Film --$tChapter 7. Introducing Film Evaluation --$tChapter 8. Nonfiction Film and Postmodernist Skepticism --$tChapter 9. Fiction, Nonfiction, and the Film of Presumptive Assertion: Conceptual Analyses --$tChapter 10. Photographic Traces and Documentary Films: Comments for Gregory Currie --$tChapter 12. The Essence of Cinema? --$tChapter 13. TV and Film: A Philosophical Perspective --$tChapter 14. Kracauer's Theory of Film --$tChapter 15. Cinematic Nation Building: Eisenstein's The Old and the New --$tChapter 16. The Professional Western: South of the Border --$tChapter 17. Moving and Moving: From Minimalism to Lives of Performers --$tChapter 18. Prospects for Film Theory: A Personal Assessment --$tCredits --$tIndex 330 $aNoël Carroll, a brilliant and provocative philosopher of film, has gathered in this book eighteen of his most recent essays on cinema and television-what Carroll calls "moving images." The essays discuss topics in philosophy, film theory, and film criticism. Drawing on concepts from cognitive psychology and analytic philosophy, Carroll examines a wide range of fascinating topics. These include film attention, the emotional address of the moving image, film and racism, the nature and epistemology of documentary film, the moral status of television, the concept of film style, the foundations of film evaluation, the film theory of Siegfried Kracauer, the ideology of the professional western, and films by Sergei Eisenstein and Yvonne Rainer. Carroll also assesses the state of contemporary film theory and speculates on its prospects. The book continues many of the themes of Carroll's earlier work Theorizing the Moving Image and develops them in new directions. A general introduction by George Wilson situates Carroll's essays in relation to his view of moving-image studies. 410 0$aYale series in the philosophy and theory of art. 606 $aMotion pictures$xPhilosophy 606 $aMotion pictures 615 0$aMotion pictures$xPhilosophy. 615 0$aMotion pictures. 676 $a791.43/01 700 $aCarroll$b No?el$f1947-$0850896 801 0$bMiAaPQ 801 1$bMiAaPQ 801 2$bMiAaPQ 906 $aBOOK 912 $a9910964188003321 996 $aEngaging the moving image$94359216 997 $aUNINA